Daňové aspekty podpory vzdelávania vo vybraných štátoch bakalárska práca

Salvato in:
Dettagli Bibliografici
Autore principale: Lešičková, Petra
Ente Autore: Národohospodárska fakulta EU. Katedra financií
Altri autori: Hudoková, Kristína
Natura: Libro
Lingua:slovacco
Pubblicazione: Bratislava 2016
Tags: Aggiungi Tag
Nessun Tag, puoi essere il primo ad aggiungerne!!

MARC

LEADER 00000nbm a2200000 4500
001 0219802
005 20170317095120.5
041 0 |a slo 
044 |a SK 
245 1 0 |a Daňové aspekty podpory vzdelávania vo vybraných štátoch  |b bakalárska práca  |c Petra Lešičková ; školiteľ: Kristína Hudoková 
264 1 |a Bratislava  |c 2016 
300 |a 58 s. 
100 1 |a Lešičková, Petra 
700 1 |a Hudoková, Kristína 
710 2 |a Národohospodárska fakulta EU. Katedra financií